[Event "Turnier 40 / 120"]
[Site "Wien"]
[Date "2022.05.13"]
[Round "7"]
[White "Mephisto Magellan SH7034 - 20 MHZ"]
[Black "Mephisto Lyon 68020 - 12 MHZ"]
[Result "1-0"]
[BlackElo "2180"]
[WhiteElo "2231"]

{Analysetool -----> Komodo 12.1.1.} 1. g4 d5 2. Bg2? {Buchende / ein
skurrile Eröffnung, nach diesem merkwürdigen Buchzug ist Schwarz bereits
ganz klar im Vorteil, Komodo +1,00 mit der Fortsetzung Lxg4 / lt. Stockfish
15 ist Schwarz gar schon mit +1,60 im Vorteil, die Partie ist praktisch
schon verloren für Weiss nach 2 Zügen ???} c6? {aber mit einem ebenfalls
schwachen Buchzug verzichtet der Mephisto Lyon 68020 merkwürdigerweise auf
den Bauerngewinn / Komodo +0,60 für Schwarz} 3. h3 {Buchbewertung Mephisto
Magellan: -0,3} e5 {Buchbewertung Mephisto Lyon 68020: +0,33} 4. d4 exd4 5.
Qxd4 Be6 6. Bf4 {durch eine nicht ganz optimale Fortsetzung von Schwarz hat
sich die Stellung beinahe wieder eingependelt, Komodo +0,20 für Schwarz}
Nf6 7. Nd2 Na6 8. Nb3 Nb4 9. Qd1 Bd6 10. Bxd6 Qxd6 11. c3 Na6 12. Nf3 O-O
13. Qc2 h5 {klar vorzuziehen sind Ld7 oder Tae8, die Stellung ist im Lot}
14. gxh5 Qf4 15. Nbd4 Rfe8 16. Nxe6 Rxe6 17. Rg1 Nc5 18. e3 Ree8 19. O-O-O
Qh6 20. Nd4 Qxh5 21. Bf3 Qxh3? {Mephisto Lyon 68020: -0,06 ??? / also das
ist ein ganz schwacher Bauernraub, der völlig die eigene Königssicherheit
ausser acht lässt, das braucht man nicht weiter zu kommentieren, danach ist
die Partie sofort verloren, Komodo +3,00 mit der Fortsetzung Tg3} 22. Rg3
{Mephisto Magellan: +1,2 sieht bereits klaren Vorteil} Qd7 {Mephisto Lyon
68020: -0,87 / etwas besser war noch Dh2 / Komodo -4,00} 23. Rdg1 Ne6?
{Mephisto Lyon 68020: -0,84 / die Partie ist ohnehin verloren, doch dieser
Zug ist gleich nochmals um ganze 5 Bauerneinheiten !!! schlechter als Kf8,
Komodo +9,00 mit der Fortsetzung Df5} 24. Qf5! {der Magellan findet den
richtigen Zug, Bewertung: +1,8} Kf8 {Mephisto Lyon 68020 stolpert hier man
muss es so brutal sagen blind durch diese Partie: Bewertung: -0,81 in
Erwarung von Sxe6} 25. Rxg7! {Der Magellan lässt hier nichts mehr
anbrennen, auch mit diesem Zug überrascht er seinen Gegner: Bewertung
Magellan: +3,0} Qd8 {Mephisto Lyon 68020: -3,18 sieht es nun ein / Komodo
Matt in 22} 26. Rxf7+! {Magellan: +6,2} Kxf7 27. Bh5+ Kf8 28. Rg6 Nxd4 29.
Rxf6+ Ke7 30. Qe5+ Kd7 31. Bxe8+ Qxe8 32. Qd6+ Kc8 33. Rf8 Qxf8 34. Qxf8+
Kc7 35. Qxa8 {ein von Anfang bis Ende merkwürdige Partie, die eigentlich
trotz der fragwürdigen Qualität nicht uninteressant war, etwas ungerecht
finde ich, dass diese fast schon absurde Eröffnung noch mit einem Sieg
belohnt wird, aber so ist es eben, unsere Oldies sind halt nicht perfekt.}
1-0
[/pgn]

[pgn]

[Event "Turnier 40 / 120"]
[Site "Wien"]
[Date "2022.05.13"]
[Round "8"]
[White "Mephisto Lyon 68020 - 12 MHZ"]
[Black "Mephisto Magellan SH7034 - 20 MHZ"]
[Result "1/2-1/2"]
[BlackElo "2231"]
[WhiteElo "2180"]

{Analysetool -----> Komodo 12.1.1.} 1. Nf3 Nf6 2. g3 c5 3. Bg2 d5
{Buchende} 4. O-O {Buchende} e6 {Buchbewertung Mephisto Magellan: -0,2} 5.
Nc3 {Buchbewertung Mephisto Lyon 68020: +0,15 / lt. Komodo ist die Stellung
etwa gleich} d4 6. Nb5 Bd7 7. c4 Bxb5 8. cxb5 Be7 9. d3 Nd5 10. Ne5 Nd7 11.
Nc4 O-O 12. e4 N5f6? {deutlich schwächer als exd3, nach dem Textzug ist
Weiss im Vorteil, Komodo +1,00} 13. e5 Nd5 14. Re1 {deutlich schwächer als
Dg4, Komodo +0,30 für Weiss} Rb8 {besser ist a6, Komodo +0,70 für Weiss}
15. Bd2 Re8 16. Rc1 b6 {deutlich besser ist Sb6, nach dem Textzug ist Weiss
bereits klar im Vorteil, Komodo +1,30} 17. Qh5 Nf8 18. Be4 Rc8 19. a4 Qd7
20. Bg5? {weniger gut, halbiert in etwa den Vorteil von Weiss, Komodo -0,70
mit der Fortsetzung Lxg5, deutlich stärker ist Df3} Bxg5 21. Qxg5 Rc7 22.
Nd6 Rd8 23. Qh5 Nb4 24. Red1 Ng6 25. f4 {die Stellung ist im Lot, Komodo
0,00} Nd5 {besser ist f5, Komodo +0,70 mit der Fortsetzung Sc4} 26. Bxd5
{weniger gut, Komodo +0,30 für Weiss} exd5 27. Re1 f6 28. Nf5 fxe5 29. fxe5
Re8 30. Qg5 Nf8 31. Rc2 Ne6 32. Qg4 Nd8? {ein Verlustzug, danach ist die
Partie verloren, Komodo +1,80 mit der Fortsetzung e6, nach Sf8 steht Weiss
nur knapp besser} 33. Rf2 {doch diese Chance kann Mephisto Lyon 68020 nicht
nützen, war aber zugegeben nicht leicht und eigentlich nicht zu erwarten,
nachdem ja das Feld e6 3x überdeckt ist kam dieser Zug gar nicht zur
tieferen Beobachtung, aber kein Vorwurf an dieser Stelle, ist verständlich,
daher kein Fragezeichen.} Qe6 {Komodo +0,60 für Weiss} 34. b4 Rf7 {besser
ist cxb4, nach dem Textzug ist Weiss im Vorteil, Komodo +1,00 mit der
Fortsetzung bxc5} 35. bxc5 bxc5 36. Qh5? {das ist allerdings nicht die
richtige Fortsetzung danach ist die Stellung wieder im Lot, Komodo 0,00 /
nötig war h3 mit klarem Vorteil für Weiss} Ref8? {aber leider verwirft auch
Magellan im letzten Moment den richtigen Zug g6 zu Gunsten des Textzuges,
danach ist Weiss wieder im Vorteil, Komodo +0,90 mit der Fortsetzung Tfe1}
37. Ref1 Kh8? {ein absoluter Verlustzug, den fairerweise muss man dazu
sagen auch der Mephisto Lyon 68020 gemacht hätte, danach kann Schwarz die
Partie aufgeben, Komodo +3,70 mit der Fortsetzung Sd6, Gegenspiel war noch
möglich mit c4, das bewertet Komodo wie gesagt mit +0,90 für Weiss, danach
gewinnen in der Folge die beiden weit vorgerückten Freibauern von Weiss am
Damenflügel, dagegen ist kein Kraut mehr gewachsen} 38. Nd6! {Mephisto Lyon
68020: +0,48} Rxf2 39. Rxf2 Rxf2 {Mephisto Magellan: +0,1 / hat noch keine
Ahnung vom Verlust der Partie} 40. Kxf2 {Mephisto Lyon 68020: +0,48} h6
{Komodo +5,00 mit der Fortsetzung a5} 41. Qf5 {Mephisto Lyon 68020: +0,75 /
deutlich schwächer als a5, sollte aber auch noch leicht gewinnen, Komodo
+2,00} Qxf5+? {deutlich mehr Widerstand bot De7, nach dem Damentausch ist
die Lage bereits hoffnungslos für Schwarz, Komodo -4,50} 42. Nxf5 {Mephisto
Lyon 68020 sieht schon klaren Vorteil: +1,12} Kg8 {Magellan hat hier den
Überblick verloren und sieht hier noch ein Remis: Bewertung 0,0 ?? / Komodo
-6,00} 43. Ne7+ Kf7 44. Nc8 {Mephisto Lyon 68020: +1,36} Ke6 {Magellan
sieht es auch ein: -1,1} 45. Nxa7? {das ist voreilig und erschwert den
Gewinn, um ganze 4 Bauerneinheiten schlechter als a5, Komodo -2,30 mit der
Fortsetzung Sf7} Nf7! {dieser richtige Zug vom Magellan überrascht mich
ehrlich gesagt, das hätte ich ihm nicht zugetraut, natürlich rettet das
Schwarz auch nicht mehr, aber es leistet mehr Widerstand, man könnte aber
auch sagen, es verlängert das Leid, pfffff, nach Kxe5 hätte ich die Partie
schon beendet} 46. b6 Nxe5 47. b7 Nd7 48. a5 Kd6 49. a6? {mit diesem Zug
verschenkt der Mephisto Lyon 68020 den Sieg, gewonnen hätte Sb5, Kc6, b8D,
Sxb8, a7 und der schwarze Springer geht verloren, nach dem Textzug ist die
Partie Remis, Komodo -0,03} Kc7 50. Nb5+ Kb8 51. Ke2 g6 52. g4 Ne5 53. Nd6
Nc6 54. Nc8 Nb4 55. Nb6 Nxa6 56. Nxd5 Nc7 57. Ne7 g5 58. Kf3 Nb5 59. Nf5
Kxb7 60. Nxh6 Nd6 61. Nf5 Kc6 62. Ne7+ Kd7 63. Ng6 Nf7 64. Ke4 Ke6 65. Nf8+
Kd6 66. Nh7 Ne5 67. h3 Nf7 68. Nf6 Ke6 69. Nh7 Nd6+ 70. Kf3 Nf7 71. Ke4
Nd6+ 72. Kf3 Nf7 73. Ke4 {Stellungswiederholung} 1/2-1/2
[/pgn]

[pgn]

[Event "Turnier 40 / 120"]
[Site "Wien"]
[Date "2022.05.14"]
[Round "9"]
[White "Mephisto Magellan SH7034 - 20 MHZ"]
[Black "Mephisto Lyon 68020 - 12 MHZ"]
[Result "0-1"]
[BlackElo "2180"]
[WhiteElo "2231"]

{Analysetool ------> Komodo 12.1.1.} 1. d4 d5 2. g3 {Buchende} c6
{Buchende} 3. Bg2 {Buchbewertung Mephisto Magellan: 0,0} Nf6 {Buchbewertung
Mephisto Lyon 68020: -0,06 / lt. Komodo ist die Stellung etwa gleich} 4.
Nf3 {Buchzug / Buchende} Bf5 5. c3 Nbd7 6. Qb3 Nb6 7. a4 a5 8. Bg5 h6 9.
Bxf6 exf6 10. O-O Bd6 11. Nfd2 O-O 12. e4 dxe4 13. Nxe4 Be6 14. Qc2 Re8 15.
Nbd2 Bf8 16. Rfe1 Nd7 17. Nf3 Qb6 18. c4 {weniger gut, besser ist Sed2} Bg4
19. Re3 f5 20. Rb3? {ein schwacher Zug, danach ist Schwarz im Vorteil,
Komodo +0,70 mit der Fortsetzung Dc7, deutlich besser war c5 mit leichtem
Vorteil für Weiss} Qc7 21. Nc3 {auch nicht optimal, klar besser ist S4d2,
Komodo +1,00 mit der Fortsetzung f4} f4! 22. Nd2 {besser sind Te1 oder
gxf4, Komodo +1,30 mit der Fortsetzung Sf6} fxg3 23. fxg3? {eindeutig die
falsche Schlagoption danach ist die Partie bereits verloren, Komodo +2,00
mit der Fortsetzung Dd6, nach hxg3 wäre Schwarz ca. mit +1,00 im Vorteil /
Stockfish 15 bewertet nach nur 1 Sekunde bereits mit +4,50, also ein
absoluter Verlustzug !!!} Nf6 {klar schwächer als Dd6, Schwarz steht aber
nach wie vor klar auf Gewinn, Komodo +1,40} 24. Nce4 Nxe4 25. Nxe4 Rad8 26.
Rd3? {der nächste Verlustzug, deutlich mehr Widerstand bot Df2, Komodo
-2,40} Bf5! {Mephisto Lyon 68020: +0,57 / na klar was sonst, diese lästige
Fesselung wäre natürlich nach Df2 nicht möglich gewesen, damit ist die
Partie praktisch verloren} 27. Re1 {Mephisto Magellan hat noch keine Ahnung
von den weitreichenden Folgen, Bewertung nur -0,2} Bb4 28. Ree3 b6? {das
ist nicht konsequent und halbiert den Vorteil von Schwarz, Komodo -1,20 mit
der Fortsetzung Df2, Schwarz hätte den Druck auf die Fesselung verstärken
sollen mittels einer Turmverdoppelund auf der E-Linie, richtig war Te6} 29.
Qf2 Bg6 30. Re2? {ein ganz schwacher Zug, damit ist die Partie wieder klar
verloren, Komodo +2,00 mit der Fortsetzung Te6, natürlich muss die
Fesselung mittels Td1 aufgehoben werden} Qd7? {doch auch das ist nicht
konsequent, wieder gewinnt natürlich die Turmverdoppelung mittels Te6,
Komodo -1,30} 31. b3? {doch der Magellan verschwendet keinen Gedanken
daran, die Fesselung aufzuheben, nach dem Textzug ist bereits alles vorbei,
Komodo +2,80 mit der Fortsetzung Te7, nötig war natürlich Td1 oder Df1}
Re7! {diesmal nützt der Mephisto Lyon 68020 die Chance, damit kann Weiss
bereits die Segel streichen} 32. Qf4 {Magellan hat wenigst eine gewisse
Einsicht, Bewertung -1,0 / ist aber ein schwacher Trost für diese unwürdige
Vorstellung, dieser Zug ist noch das beste bringt aber auch nichts mehr,
die Fesselung entscheidet die Partie} f6? {also dieser Zug ist auch
erstaunlich inkonsequent vom Mephisto Lyon 68020, diese Schwäche hätte ich
nicht erwartet nach dem Zug Te7 war doch der klare Plan die Verdoppelung
der Türme oder nicht ?, Mephisto Lyon 68020 sieht sich hier auch nur knapp
mit +0,39 im Vorteil und gibt dem Gegner erneut die Gelegenheit die
Fesselung aufzuheben, das wäre hier mittels Tde3 möglich, Komodo -1,50 /
nötig war natürlich Tde8} 33. Rde3! {es geschehen noch Wunder, allerdings
steht natürlich Schwarz nach wie vor klar auf Gewinn, Komodo +1,50} Bh5
{klar schwächer als T7e8, Komodo -1,00 mit der Fortsetzung Lf3} 34. Nxf6+?
{ein absurder Zug, der die Partie sofort verliert, Komodo -2,20, der
Fairness halber: Auch der Mephisto Lyon 68020 hatte diesen Unsinn
erwartet.} gxf6 35. Rxe7 Bxe7 {erstaunlich Mephisto Lyon sieht sich hier
mit nur +0,54 im Vorteil, naja, er hätte diesen Unfug ja auch gespielt.}
36. Bxc6 {Mephisto Magellan, genau wie Lyon 68020 eine viel zu
optimistische Bewertung von nur -0,8 ??, natürlich gegen das starke
Läuferpaar ist kein Kraut mehr gewachsen, die 2 Bauern für die Figur sind
wertlos, Komodo -2,30, die Partie ist reif zur Aufgabe für Weiss} Qxc6?
{Schwarz sollte sich lieber nicht vom Läuferpaar trennen, klar schwächer
als Dd6, an der Niederlage für Weiss ändert es aber freilich auch nichts,
es erschwert aber den Gewinn, Komodo -1,50} 37. Rxe7 Qd6 38. Qxd6 Rxd6 {der
Rest ist Technik, die zwei Bauern können natürlich den Läufer bei weitem
nicht aufwiegen, das sollte Schwarz problemlos für sich entscheiden, hier
beende ich damit die Kommentierung und lasse den Rest für sich sprechen,
Komodo +1,60} 39. d5 Bd1 40. Re3 Kf7 41. Kf2 Rd8 42. Rd3 Bc2 43. Rc3 Bg6
44. Ke3 Re8+ 45. Kd2 Bh5? {alles andere als optimal, das ermöglicht Weiss
noch Gegenspiel mittels c5, Komodo -0,90, allerdings lässt der Magellan
diese Chance leider ungenützt, obwohl er c5 bis fast ganz am Ende als
besten Zug sah, verwirft ihn dann aber leider im letzten Moment noch zu
Gunsten von h3, danach ist die Stellung natürlich wieder hoffnungslos für
Weiss, schade für den Magellan, aber dann verdient er es halt auch nicht,
hätte durchaus noch interessant werden können mit der Fortsetzung c5} 46.
h3? Re2+ 47. Kc1 Bg6 48. Kd1 Rh2 49. h4? {hier ist g4 klar vorzuziehen} Be4
50. Re3 f5 51. Ke1 Kf6 52. b4? {es ist an dieser Stelle schon egal, aber um
ganze 3 Bauerneinheiten besser war noch g4, Komodo -7,00} Rc2? {dieser Zug
ist auch ganz schwach, um 3,5 Bauerneinheiten schlechter als axb4, aber
auch das spielt natürlich keine Rolle mehr, Komodo +3,70} 53. c5? {klar
schwächer als bxa5, Komodo -5,50} bxc5 54. bxa5 Bxd5 {Userentscheid: 0-1 /
eine gleichermassen enttäuschende, ja geradezu absurde Vorstellung des
Mephisto Magellan, der hier genau wie in Runde 6 einen Springer für 2
Bauern opfert mit dem skurillen Zug 34. Sxf6 ???, der Fairness halber
möchte ich aber auch noch erwähnen, dass auch der Mephisto Lyon 68020
diesen Wahnsinn fabriziert hätte !!!!} 0-1
[/pgn]

[pgn]

[Event "Turnier 40 / 120"]
[Site "Wien"]
[Date "2022.05.14"]
[Round "10"]
[White "Mephisto Lyon 68020 - 12 MHZ"]
[Black "Mephisto Magellan SH7034 - 20 MHZ"]
[Result "1-0"]
[BlackElo "2231"]
[WhiteElo "2180"]

{Analysetool -------> Komodo 12.1.1.} 1. e4 e5 2. Nf3 f5 {Buchende} 3. Nc3
{Buchende} d6 {Buchbewertung Mephisto Magellan: -0,2 / lt. Komodo eine
überaus unglückliche Eröffnungswahl von Schwarz, ja solche Gambitvarianten
gehen halt bei unseren Oldies fast ausnahmslos in die Hose, hier steht
Weiss bereits nach 3 Zügen ganz klar besser, Komodo +0,80} 4. exf5
{Buchbewertung Mephisto Lyon 68020: +0,24} Bxf5? {hier ist c5 klar
vorzuziehen, nach dem Textzug ist die Partie praktisch nach nur 4 Zügen
bereits verloren für Schwarz, Komodo -1,00 / Stockfish 15 zur Kontrolle
bereits -2,30 mit der Fortsetzung d4} 5. d4! {richtig !} Nd7? {und gleich
nochmals klar schwächer als Dd7 oder e4, nach dem Textzug ist nichts mehr
zu retten für Schwarz, Komodo -1,50} 6. dxe5 dxe5 7. Bg5? {weniger gut,
deutlich besser ist Ld3, Komodo -0,80 mit der Fortsetzung Le7} Be7 8. Be3
Bb4 9. Qd5 Bxc3+? {antipositionell !!!, der Doppelbauer ist keineswegs das
Läufpaar wert, Komodo -1,00, deutlich besser ist c6 (wieder der Fairness
halber: auch Mephisto Lyon 68020 hätte diesen schwachen Zug gemacht)} 10.
bxc3 c6? {Ja, jetzt ist es zu spät für diesen Zug, nochmal klar schwächer
als Sgf6, nach dem Textzug steht Schwarz bereits ganz schlecht, Komodo
-1,00} 11. Qb3 Qa5? {der Magellan tappt von einem Fättnäpfchen in das
nächste, nach dem Textzug ist die Partie bereits verloren, Komodo -1,40,
deutlich besser war natürlich noch Sgf6} 12. Ng5 {deutlich schwächer als
Lc4, Komodo -0,70 mit der Fortsetzung Sgf6} Ne7? {der nächste absurde Zug
(wieder der Fairness halber, auch Mephisto Lyon 68020 hätte diesen Zug
gespielt), was bitte spricht gegen die natürlich Entwicklung des Springers
nach f6 ??, einfach unterirdisch schlecht, damit ist die Partie natürlich
verloren, Komodo -1,80 für der Fortsetzung Df7+} 13. Qf7+ {na klar was
sonst} Kd8 14. Qb3? {jetzt kommt aber auch vom Mephisto Lyon 68020 ein
grober Fehler, danach ist die Stellung im Lot Komodo 0,00 mit der
Fortsetzung Kc7, nach Td1 hätte Schwarz schon aufgeben können.} Ke8? {also
was der Magellan hier abliefert ist einfach nur noch schauderhaft, das
fördert einen klaren Programmfehler ans Tageslicht, der eigentlich nicht zu
glauben ist: ERKLÄRUNG ???, na ganz einfach er bewertet diese Stellung mit
0,0 da er von einer Stellungswiederholung ausgeht, das zeigt er auch in der
Variante, der gute Mann vergisst dabei aber die Kleinigkeit, dass er nun
nicht mehr rochieren kann, der Mephisto Lyon 68020 braucht genau 1 Sekunde
um den sofortigen Gewinnzug Sf7 mit einer Bewertung von +3,50 zu ermitteln,
danach kann Schwarz die Partie sofort aufgeben.} 15. Nf7 Nd5 {Magellan:
-3,4} 16. Nd6+ {Userentscheid: 1-0 / seid mir nicht böse wenn ich das nicht
fertig spiele aber von dieser hinrissen Partie habe ich genug gesehen.} 1-0
[/pgn]

[pgn]